Tablice Rejestracyjne Województwa Lubuskiego - Statystyki

Ogólne statystyki
  • Ten quiz został rozwiązany 165 razy
  • Średni wynik to 13 z 14
Statystyki odpowiedzi
Powiat Tablica Rejestracyjna % Poprawnych
Gorzów Wielkopolski FG
99%
Zielona Góra FZ
97%
krośnieński FKR
94%
strzelecko-drezdenecki FSD
93%
gorzowski FGW
92%
międzyrzecki FMI
91%
sulęciński FSU
91%
świebodziński FSW
91%
zielonogórski FZI
91%
słubicki FSL
90%
żagański FZG
90%
wschowski FWS
89%
żarski FZA
89%
nowosolski FNW
88%
Nie znaleziono quizów pasujących do podanych kryteriów
Rozkład punktacji
Procent ludzi z każdym wynikiem
Percentyl według liczby udzielonych odpowiedzi
Twoja historia wyników
Nie rozwiązałeś tego quizu